| 000 | 01273nam a2200325 c 4500 | ||
|---|---|---|---|
| 999 |
_c60078 _d60078 |
||
| 003 | BLK | ||
| 005 | 20221111142520.0 | ||
| 008 | 180408b bul|||||r ||||||| ||bul|| | ||
| 010 | _aKNG00064209000 | ||
| 040 | _aBLK | ||
| 041 |
_aBUL _cBUL |
||
| 080 |
_aПодемни кранове в цялост _b621.873 _x(035) _z621.873(035) |
||
| 100 | 1 |
_aПетров, Димитър Петров _eпърви автор _9367051 |
|
| 139 |
_aПетров, Димитър Петров и др. _bП 47 |
||
| 245 | 1 | 0 |
_aАвтомобилни кранове _bРъководство _cДимитър Петров Петров; съавт. Михаил Г. Денчев; съавт. Николай Ц. Сълев. |
| 257 | _aBGR | ||
| 260 |
_bТехника _c1978 _fШумен : Г. Димитров _aСофия |
||
| 300 |
_a376 с. _c20 см |
||
| 380 | _a62 | ||
| 650 | 4 |
_aКранове, подемни _9289586 |
|
| 653 | _aподемно-транспортни машини | ||
| 653 | _aкранове | ||
| 700 | 1 |
_aДенчев, Михаил Г. _eсъавт. _9369881 |
|
| 700 | 1 |
_aСълев, Николай Ц. _eсъавт. _9127036 |
|
| 852 | _aЦб 93176 | ||
| 856 | 4 |
_qpdf _i0.00 _ldisable |
|
| 856 | 4 |
_qpdf _i0.00 _ldisable |
|
| 942 |
_cKNG _n0 _s1 |
||
| 944 |
_aCR _c13.06.2004 _kГеновева_Генчева |
||
| 944 |
_aED _c07.09.2015 |
||
| 999 | _d60078 | ||